000 00500nam a2200193Ia 4500
999 _c10949
_d10949
003 OSt
005 20191223112910.0
008 190216s9999||||xx |||||||||||||| ||und||
020 _a8127230082
040 _coclc
082 _a336
_bLEK/P
100 _aLekhi, R K
_9591
245 0 _aPublic Finance /
_cR K Lekhi
250 _a13th ed.
260 _bKalyani Pub,
_c2006.
_aNew Delhi:
300 _a442p
650 _aEconomics
942 _cBK
_2ddc
_h336
_iLEK/P
_k336
_mLEK/P